Szepes Zsegra falu

Zobrazenie: Na šedom podklade v bielom orámovaní pohľad na budovu kostola a na kopčeku a stromy a domy pod ním a pohľad na budovu, pred ktorou je trávnik a pred jej vchodom sú stromy. V spodnej a hornej časti pohľadnice sa nachádza biely rámček

Bibliographic Details
Format: Photo
Language:Hungarian
German
PhysicalDescription:1 pohľadnica (2 čiastkové pohľady) čiernobiela 14 x 9 cm
Published: Szepesváralja Sax Nandor [1932?]
Subjects:

MARC

LEADER 00000ckm a2200000 a 4500
001 vtls001439208
003 SK-MaSNL
005 20260302035705.0
007 kf bo
008 240703q1932 xo g 0kuhun
015 |a SNBG1932 
035 |a SNK000394356 
035 |a urn:nbn:sk:snk-km3ly1z 
035 |a 374C8B80-3207-41C1-8B81-A3A95484DB2C 
035 |a urn:nbn:sk:snk-km00dp8p 
040 |a SNK  |b slo  |c SNK  |e AACR2 
041 0 |a hun  |a ger 
043 |a e-xo--- 
044 |a xo  |c SK 
072 7 |a 913  |x Regionálna geografia  |2 konspekt 
080 |a 913(437.6)  |2 2011 
080 |a 726:27-523.42  |2 2011 
080 |a (084.121)  |2 2011 
245 0 0 |a Szepes  |h grafika  |b Zsegra falu 
246 3 1 |a Zips  |b Dorf Zsegra 
246 3 1 |a Zsepes  |b Ujvár 
260 |a Szepesváralja  |b Sax Nandor  |c [1932?] 
300 |a 1 pohľadnica (2 čiastkové pohľady)  |b čiernobiela  |c 14 x 9 cm 
500 |a Názvové údaje prevzaté z obrazovej časti pohľadnice 
520 8 |a Zobrazenie: Na šedom podklade v bielom orámovaní pohľad na budovu kostola a na kopčeku a stromy a domy pod ním a pohľad na budovu, pred ktorou je trávnik a pred jej vchodom sú stromy. V spodnej a hornej časti pohľadnice sa nachádza biely rámček 
650 0 7 |a kostoly  |2 SNKPH  |9 3023 
651 7 |a Žehra (Slovensko)  |2 SNKPHgeo  |9 51867 
651 7 |a Spiš (Slovensko : región)  |2 SNKPHgeo  |9 17692 
651 7 |a Hodkovce (Žehra, Slovensko)  |2 SNKPHgeo  |9 30765 
655 7 |a miestne pohľadnice  |2 SNKPH  |9 70510 
752 |a Slovensko  |d Spišská Kapitula 
852 |a Slovenská národná knižnica 
958 |a EUIPO 
958 |a GBN 
958 |a GC 
958 |a OND 
999 |c 1071721  |d 1073651 
952 |t P60, <03>, [BOOK], {603}  |a SNK  |b SNK  |y PREZ  |7 0  |p 17A1296165  |o snkSP 151528  |i snkPV 908/2002  |z Pohľadnica prešla poštou.  |0 0  |1 0  |4 0  |d 2002-08-13  |f 1  |l 0  |r 2005-01-02 00:00:00  |w 2026-02-24